Convención sobre los derechos de las personas con discapacidad

La Convención sobre los Derechos de las Personas con Discapacidad es del año 2006, ya que fue adoptada por la Asamblea General de las Naciones Unidas el 13 de diciembre de 2006.

Bibliographic Details
Corporate Author: Naciones Unidas
Format: Recurso en linea
Language:Spanish
Online Access:Acceso electrónico al documento

MARC

LEADER 00000cab a2200000 a 4500
001 041041
003 UAHC_CL
005 20250912195200.0
008 250912ssd 000 ||spa d
040 |a UAHC_CL  |c UAHC_CL  |d UAHC_CL 
110 |a Naciones Unidas  |9 6026 
245 1 0 |a Convención sobre los derechos de las personas con discapacidad  |c Naciones Unidas. 
264 |c 2006. 
300 |a 35 páginas 
500 |a SitIo visitado https://www.un.org/esa/socdev/enable/documents/tccconvs.pdf el 12 de septiembre de 2025. 
520 |a La Convención sobre los Derechos de las Personas con Discapacidad es del año 2006, ya que fue adoptada por la Asamblea General de las Naciones Unidas el 13 de diciembre de 2006.  
856 |y Acceso electrónico al documento  |u https://www.un.org/esa/socdev/enable/documents/tccconvs.pdf 
942 |c RL  |2 ddc 
952 |0 0  |1 0  |2 ddc  |4 0  |6 RECURSO_ELECTRÓNICO  |7 0  |8 COMP  |9 101314  |a BR  |b BR  |c Digital  |d 2025-09-12  |l 0  |o Recurso electrónico  |r 2025-09-12 19:52:26  |w 2025-09-12  |y RL  |B DER 
999 |c 63036  |d 63036